Diccionario lexus de medicina y ciencias de la salud / (Registro nro. 11538)

Detalles MARC
000 -LIDER
fixed length control field 00823nam a22002657a 4500
001 - NÚMERO DE CONTROL
Identificador de número de control 0011608
003 - IDENTIFICACDOR DE NÚMERO DE CONTROL
control field DO-SdBNP
005 - DATE AND TIME OF LATEST TRANSACTION
control field 20170915133205.0
007 - CAMPOS FIJOS DE DESCRIPCIÓN FÍSICA
fixed length control field 0011608
008 - ELEMENTOS DE LONGITUD FIJA
fixed length control field 161011b 2010 sp||||| |||| 00| 0 spa d
020 ## - ISBN
International Standard Book Number 9789972209819
040 ## - FUENTE DE CATALOGACIÓN
Agencia que crea de manera original el registro BPMSU
Idioma de catalogación spa
Agencia que realiza la transcripción BPMSU
082 #4 - NÚMERO DE CLASIFICACIÓN DECIMAL DE DEWEY
Classification number R 610.3
Item number D545L
245 oo - MENCIÓN DE TITULO
Título Diccionario lexus de medicina y ciencias de la salud /
Mención de responsabilidad edición Santiago Parales ; corrección Hilda E. Lucci
260 ## - PUBLICACIÓN, DISTRIBUCIÓN, ETC. (PIE DE IMPRENTA)
Lugar de publicación, distribución, etc Barcelona :
Nombre del editor, distribuidor, etc. Lexus,
Fecha de publicación, distribución, etc 2010.
300 ## - DESCRIPCIÓN FÍSICA
Extensión 1312 p. :
Otros detalles físicos il.,
Dimensiones 27 cm.
Material complementario + CD-ROM
650 #4 - ENCABEZAMIENTO DE MATERIA--TEMÁTICO
Término temático o nombre geográfico como elemento de entrada MEDICINA
Subdivisión temática general DICCIONARIOS
-- ESPAÑOL
650 #4 - ENCABEZAMIENTO DE MATERIA--TEMÁTICO
Término temático o nombre geográfico como elemento de entrada SALUD
Subdivisión de forma DICCIONARIOS
650 #4 - ENCABEZAMIENTO DE MATERIA--TEMÁTICO
Término temático o nombre geográfico como elemento de entrada ENFERMERÍA
700 12 - ASIENTO SECUNDARIO -- NOMBRE PERSONAL
Nombre personal Parales, Santiago,
Mención de responsabilidad ed.
700 1# - ASIENTO SECUNDARIO -- NOMBRE PERSONAL
Nombre personal Lucci, Hilda E.,
Mención de responsabilidad corrección
942 ## - ADDED ENTRY ELEMENTS (KOHA)
Source of classification or shelving scheme Dewey Decimal Classification
Koha item type Libros
945 ## - INFORMACIÓN DE PROCESAMIENTO LOCAL
Información de procesamiento local Inventariado, 2017/MFF
956 ## - LOCAL ELECTRONIC LOCATION AND ACCESS (OCLC)
Nombre de host BTAVÁREZ
Número de acceso 10
Información de compresión 20161011
Trayectoria 0011608
Existencias
Withdrawn status Lost status Source of classification or shelving scheme Damaged status Not for loan Collection code Home library Current library Date acquired Source of acquisition Total Checkouts Full call number Barcode Date last seen Price effective from Koha item type Copy number
    Dewey Decimal Classification     Colección de Referencia General Biblioteca Pública Metropolitana Salomé Ureña Biblioteca Pública Metropolitana Salomé Ureña 10/11/2016 Sin sellar   R 610.3 D545L BPMSU16100108 10/11/2016 10/11/2016 Libros  
    Dewey Decimal Classification     Colección de Referencia General Biblioteca Pública Metropolitana Salomé Ureña Biblioteca Pública Metropolitana Salomé Ureña 10/11/2016 Sin sellar   R 610.3 D545L BPMSU16100109 10/11/2016 10/11/2016 Libros ej. 2